| 000 | 00770nam a2200193 a 4500 | ||
|---|---|---|---|
| 005 | 20140414132116.0 | ||
| 008 | 111010s19uu xx 00 eng d | ||
| 020 | _a9781435853522 | ||
| 050 |
_aREF 363.6 _bSP4 2008 |
||
| 100 | _aSpilsbury, Louise. | ||
| 245 |
_aWater supply / _cLouise Spilsbury. |
||
| 260 |
_aLondon : _bWayland, _c2008. |
||
| 440 | _aCan the earth cope? | ||
| 520 | _aWater supply -- The lowdown on water -- What affects water supply? -- The impact of water shortage -- Finding solutions/sustainable water use -- Making sure the earth copes -- Glossary and further information. | ||
| 650 |
_aWater-supply _xJuvenile literature. |
||
| 650 |
_aDroughts _x Juvenile literature. |
||
| 650 |
_aWater _xPollution _xJuvenile literature. |
||
| 999 |
_c114907 _d114907 |
||